| 000 | 00679nam a2200169Ia 4500 | ||
|---|---|---|---|
| 003 | GCL | ||
| 005 | 20240530102103.0 | ||
| 008 | 140319s9999 xx 000 0 ara d | ||
| 040 |
_aGCL / _cGCL |
||
| 082 | 0 | 4 |
_a189.16 _bم ن |
| 100 | 1 | _aمحمد محمود ربيع | |
| 245 | 1 | 0 |
_aالنظرية السياسية لابن خلدون : _bالمنهج الجديد - مفهوم العصبية - التفسير العقلانى لتطورات الخلافة الاسلامية - مفهوم الملك / _cمحمد محمود ربيع |
| 250 | _aط1 | ||
| 260 |
_aالقاهرة : _bدار الهنا للطباعه ، _c1981 |
||
| 300 |
_a225 ص ؛ _c24سم |
||
| 942 |
_2ddc _cBK |
||
| 999 |
_c29718 _d29718 |
||